00509nam a2200109Ia 4500008004100000020001800041100006900059245017900128260002700307650001200334856005300346171212s9999 xx 000 0 und d a9780833088246 aBreslau, Joshua;Aharoni, Eyal;Pedersen, Eric R.;Miller, Laura L. cBreslau, Joshua;Aharoni, Eyal;Pedersen, Eric R.;Miller, Laura L.aA Review of Research on Problematic Internet Use and Well-BeingbWith Recommendations for the U.S. Air Force bRAND Corporationc2015 aHistory uhttp://www.jstor.org/stable/10.7249/j.ctt14bs4q1